Atlas de la vida silvestre : (Registro nro. 37125)

Detalles MARC
000 -CABECERA
Longitud fija campo de control 00927nam a22002538a 4500
003 - • IDENTIFICADOR DELl NÚMERO DE CONTROL
Identificador del número de control CO-ViMGA
005 - • FECHA Y HORA DE LA ÚLTIMA TRANSACCIÓN
Fecha y hora de la última transacción 20230915233606.0
008 - • CÓDIGOS DE INFORMACIÓN DE LONGITUD FIJA
Códigos de información de longitud fija 180430s2018 ck r 00110 spa d
020 ## - • NÚMERO INTERNACIONAL NORMALIZADO PARA LIBROS
Número Internacional Normalizado para Libros (ISBN) 9789587669268
040 ## - FUENTE DE LA CATALOGACIÓN
Centro catalogador de origen CO-ViMGA
Lengua de catalogación spa
Centro transcriptor CO-ViMGA
043 ## - CÓDIGO DE ÁREA GEOGRÁFICA
Código de área geográfica s-ck---
082 04 - • NÚMERO DE LA CLASIFICACIÓN DECIMAL DEWEY
Número de clasificación (R) R590.7
Número de edición 21
Número del ítem F17a
100 1# - • PUNTO DE ACCESO PRINCIPAL-NOMBRE DE PERSONA
Nombre de persona Farndon, John.
245 00 - • TITULO PROPIAMENTE DICHO
Título Atlas de la vida silvestre :
Resto del título una exhaustiva guia del habitat de los animales /
Mención de responsabilidad, etc. John Farndon ; traduccion Maria Patricia Esguerra.
300 ## - • DESCRIPCIÓN FÍSICA
Extensión 160 paginas :
Otras características físicas laminas ;
Dimensiones 21 cm.
534 ## - • Nota De Versión Original
-- Titulo original :
Título Firefly Wiildlife Atlas / A comprehensive guide to animal habitats.
650 14 - • PUNTO DE ACCESO ADICIONAL DE MATERIA - TÉRMINO DE MATERIA
Término de materia o nombre geográfico como elemento inicial Animales
Subdivisión de materia general Habitos y conducta.
650 14 - • PUNTO DE ACCESO ADICIONAL DE MATERIA - TÉRMINO DE MATERIA
Término de materia o nombre geográfico como elemento inicial Ecologia animal
Subdivisión de forma Atlas.
650 14 - • PUNTO DE ACCESO ADICIONAL DE MATERIA - TÉRMINO DE MATERIA
Término de materia o nombre geográfico como elemento inicial Habitat (Ecologa̕)
700 1# - • PUNTO DE ACCESO ADICIONAL - NOMBRE DE PERSONA
Nombre de persona Esguerra, Maria Patricia,
Término indicativo de función traductora.
942 ## - ENTRADA DE ELEMENTOS AGREGADOS (KOHA)
Fuente de clasificaión o esquema Dewey Decimal Classification
Koha [por defecto] tipo de item LIbro
Existencias
Perdido Fuente de clasificación o esquema Estado Físico No para préstamo Forma de adquisición Localización permanente Localización actual Fecha adquisición Préstamos totales Signatura completa Código de barras Fecha última consulta Fecha del precio de reemplazo Tipo de item de Koha
  Dewey Decimal Classification     Sala Infantil Segundo Piso Biblioteca Pública Germán Arciniegas - Villavicencio Biblioteca Pública Germán Arciniegas - Villavicencio 01/16/2020   R 590.7 F17a 32585 01/16/2020 01/16/2020 LIbro
  Dewey Decimal Classification     Sala Infantil Segundo Piso Biblioteca Pública Germán Arciniegas - Villavicencio Biblioteca Pública Germán Arciniegas - Villavicencio 01/16/2020   R 590.7 F17a 33009 01/16/2020 01/16/2020 LIbro









Instituto Departamental de Cultura del Meta - Red Departamental de Bibliotecas Públicas del Meta.